| 000 -LEADER |
| fixed length control field |
00614nam a22001817a 4500 |
| 008 - FIXED-LENGTH DATA ELEMENTS--GENERAL INFORMATION |
| fixed length control field |
251003b 2022 ||||| |||| 00| 0 eng d |
| 020 ## - INTERNATIONAL STANDARD BOOK NUMBER |
| International Standard Book Number |
9783030992156 |
| 082 ## - DEWEY DECIMAL CLASSIFICATION NUMBER |
| Classification number |
531.38 |
| Item number |
USU |
| 100 ## - MAIN ENTRY--PERSONAL NAME |
| Personal name |
Usubamatov, Ryspek |
| 245 ## - TITLE STATEMENT |
| Title |
Theory of gyroscopic effects for rotating objects : gyroscopic effects and applications |
| 250 ## - EDITION STATEMENT |
| Edition statement |
2nd ed. |
| 260 ## - PUBLICATION, DISTRIBUTION, ETC. (IMPRINT) |
| Place of publication, distribution, etc |
Switzerland |
| Name of publisher, distributor, etc |
Springer |
| Date of publication, distribution, etc |
2022 |
| 300 ## - PHYSICAL DESCRIPTION |
| Extent |
xviii, 291pgs. |
| 650 ## - SUBJECT ADDED ENTRY--TOPICAL TERM |
| Topical term or geographic name as entry element |
Gyroscopic Effects in Engineering |
| 650 ## - SUBJECT ADDED ENTRY--TOPICAL TERM |
| Topical term or geographic name as entry element |
Acceleration Analysis of Rotating Objects |
| 650 ## - SUBJECT ADDED ENTRY--TOPICAL TERM |
| Topical term or geographic name as entry element |
Inertial Forces and Tprques Acting on Simple Spinning Objects |
| 942 ## - ADDED ENTRY ELEMENTS (KOHA) |
| Item type |
Books |